| 000 | 00587nam a22001817a 4500 | ||
|---|---|---|---|
| 005 | 20160803112039.0 | ||
| 010 | _aENG-115560 | ||
| 020 |
_a9789384721008 _c1000.00 |
||
| 035 | _aEN-99092 | ||
| 037 | _bDBAD/PUB | ||
| 082 | _a181.4 | ||
| 100 | _aBarua,Benimadhab | ||
| 245 |
_a History of pre-Buddhistic Indian philosophy / _cedited by Orance Mahaldar [and] Debdip Dhibar |
||
| 260 |
_aKolkata _bMaha Bodhi Book Agency _c2016 |
||
| 270 |
_a4A,Bankim Chaterjeee Street, College Square _bKolkata _e700073 |
||
| 300 |
_a448p. _c22cm(Hb) |
||
| 942 |
_2ddc _cEN _h181.4 _mBEN |
||
| 999 |
_c101533 _d101533 |
||